000
00294nam a2200109 4500
999
_c
9569
_d
9569
008
180709b ||||| |||| 00| 0 eng d
245
_a
Asia's poor choking on filthy air.
260
_a
Philippines
_b
Manila Bulletin
_c
c2016
300
_a
page B-8.
650
0
_9
28464
_a
Pollution.
942
_2
ddc
_c
PER